[Event "18th Delhi GM Open 2020"]
[Site "Delhi"]
[Date "2020.01.13"]
[Round "7.27"]
[White "Vignesh N R"]
[Black "Soham Datar"]
[Result "1/2-1/2"]
[WhiteElo "2472"]
[BlackElo "2145"]
[Annotator "TA"]
[PlyCount "60"]
[EventDate "2020.01.09"]
[EventType "swiss"]
[EventCountry "IND"]
[SourceTitle "playchess.com"]
[Source "ChessBase"]
[SourceQuality "1"]

{[%evp 13,60,22,40,30,44,0,0,0,0,-44,-19,-18,8,0,52,45,34,20,19,0,4,-39,-44,-39,-30,-22,-33,-62,-18,-37,0,-66,0,0,0,0,0,0,0,0,0,0,0,0,0,0,0,0,0]} 1. e4 c5 2. Nf3 d6 3. d4 cxd4 4. Nxd4 Nf6 5. Nc3 a6 6. h3 g6 7. g4 Bg7 8. Be3 {B90: Sicilian Najdorf: Unusual White 6th moves, 6 Be3 Ng4 and 6 Be3 e5} O-O (8... Nc6 9. Bg2 Bd7 10. Nde2 Na5 11. b3 Rc8 12. g5 Nh5 13. Nd5 e6 14. Nb6 Rc7 15. c4 Bxa1 16. Qxa1 {1-0 (29) Wei,Y (2721)-Vachier Lagrave,M (2774) chess.com INT 2019}) 9. g5 Nh5 10. Qd2 Nc6 11. Nb3 b5 $146 ({Predecessor:} 11... Be6 12. Be2 Rc8 13. Bxh5 gxh5 14. O-O-O Ne5 15. Qe2 Rxc3 16. bxc3 {0-1 (32) Lobanov,S (2504)-Durarbayli,V (2609) Sitges 2019}) 12. O-O-O Be6 13. Be2 Rb8 (13... Rc8 $11) 14. Bxh5 $14 gxh5 15. Nd5 a5 {[%cal Ba6a5,Ba5a4][%mdl 32]} 16. Kb1 a4 17. Nc1 Ne5 18. Qe2 Nc4 19. Bd4 $1 Bxd5 20. Bxg7 Kxg7 (20... Na3+ $5 21. bxa3 Bc4 22. Qxh5 Kxg7 $15) 21. exd5 Qc7 $1 22. Rhe1 ({Don't play} 22. Qxh5 a3 $17) (22. Qe4 $11) 22... Rfc8 ({Better is} 22... a3 $15 23. Qxe7 Qxe7 24. Rxe7 axb2) 23. Qxe7 $11 {Threatens to win with Qf6+.The position is equal.} (23. Qxh5 {[#] is a self mate.} Na3+ $1 {[%mdl 512]} 24. bxa3 Qxc2+ 25. Ka1 Qc3+ 26. Kb1 b4 27. Nb3 bxa3 28. Qh6+ Kg8 29. Qxh7+ Kxh7 30. g6+ Kxg6 31. Re2 Rxb3+ 32. axb3 Qxb3+ {[%mdl 64] Double Attack} 33. Ka1 Qxd1+ {[%mdl 64] Double Attack} 34. Ka2 Qb3+ {[%mdl 64] Double Attack} 35. Ka1 Rc1#) 23... Na3+ $1 {[%mdl 64] [#] Discovered Attack} 24. bxa3 Qxc2+ {[%mdl 64] Double Attack} 25. Ka1 {And now Ne2 would win.} Qc3+ {[%mdl 64] Double Attack} 26. Kb1 Qc2+ {[%mdl 64] Double Attack} 27. Ka1 {Strongly threatening Ne2.} Qc3+ {[%mdl 64] Double Attack} 28. Kb1 Qc2+ {[%mdl 64] Double Attack} 29. Ka1 Qc3+ {[%mdl 64] Double Attack} 30. Kb1 {Black must now prevent Ne2.} Qc2+ {[%mdl 64] Double Attack. Accuracy: White = 58%, Black = 77%.} 1/2-1/2

[Event "18th Delhi GM Open 2020"]
[Site "Delhi"]
[Date "2020.01.14"]
[Round "8.1"]
[White "Aleksandrov, Aleksej"]
[Black "Fedorov, Alexei"]
[Result "1/2-1/2"]
[WhiteElo "2592"]
[BlackElo "2562"]
[Annotator "TA"]
[PlyCount "25"]
[EventDate "2020.01.09"]
[EventType "swiss"]
[EventCountry "IND"]
[SourceTitle "playchess.com"]
[Source "ChessBase"]
[SourceQuality "1"]

{[%evp 13,25,-4,0,-10,0,0,0,0,0,0,0,0,0,0]} 1. d4 Nf6 2. c4 g6 3. Nc3 Bg7 4. e4 d6 5. f4 c5 6. dxc5 Qa5 7. Bd2 Qxc5 {The position is equal.} 8. b4 {E76: King's Indian: Four Pawns Attack: Lines specific to 6 Nf3 move-order} Qxb4 9. Na4 Qa3 10. Bc1 $1 {[%cal Rc1a3]} Qb4+ 11. Bd2 Qa3 12. Bc1 $1 {[%cal Rc1a3]} Qb4+ 13. Bd2 $146 1/2-1/2

[Event "18th Delhi GM Open 2020"]
[Site "Delhi"]
[Date "2020.01.14"]
[Round "8.2"]
[White "Gupta, Abhijeet"]
[Black "Gusain, Himal"]
[Result "1-0"]
[WhiteElo "2603"]
[BlackElo "2401"]
[Annotator "TA"]
[PlyCount "95"]
[EventDate "2020.01.09"]
[EventType "swiss"]
[EventCountry "IND"]
[SourceTitle "playchess.com"]
[Source "ChessBase"]
[SourceQuality "1"]

{[%evp 12,95,16,12,16,16,11,14,43,37,42,38,45,41,29,35,32,13,12,0,4,3,12,-14,0,0,-10,-58,0,-59,-8,-65,-14,-14,-24,-18,-10,-32,-31,-64,-49,-56,-67,-64,-46,-117,-97,-131,-106,-102,-77,-106,-75,-93,-100,-113,-121,-154,-146,-163,-145,-137,-125,-122,-91,-99,0,0,0,0,0,0,0,0,135,131,140,127,204,177,2143,2147,29996,29997,29997,29998]} 1. d4 d5 2. c4 e6 3. Nc3 c6 4. e4 dxe4 5. Nxe4 Bb4+ 6. Nc3 c5 7. Nf3 Nf6 {D31: Queen's Gambit Declined: Semi-Slav without ...Nf6 (+ Marshall Gambit and Noteboom) and Exchange Variation lines without ...Nf6} 8. Be2 Nc6 {[%cal Rc5d4]} 9. Be3 Ng4 {The position is equal.} (9... Ne4 10. Rc1 cxd4 11. Nxd4 Nxc3 12. bxc3 Be7 13. Nxc6 bxc6 14. Qxd8+ Kxd8 15. Rd1+ {½-½ (25) Zvjaginsev,V (2688)-Sjugirov,S (2622) Moscow 2012}) 10. Bg5 $146 ({Predecessor:} 10. a3 Bxc3+ 11. bxc3 Nxe3 12. fxe3 O-O 13. O-O b6 14. Bd3 Bb7 15. d5 {1-0 (67) Jackson,J (2304)-Adair,J (2479) Coventry 2017}) 10... f6 {[%cal Rc5d4]} 11. d5 Ne7 12. Bd2 exd5 13. cxd5 Bxc3 14. bxc3 (14. Bxc3 $5 {[%cal Rd5d6]} Nxd5 15. Qa4+ Kf8 16. Rd1 $14) 14... Qxd5 15. O-O O-O 16. Bf4 Be6 17. h3 Nh6 18. Re1 Nf7 19. Nd2 Qd8 (19... Ng6 $15 20. Bc4 Qd8 21. Rxe6 Nxf4) 20. Nb3 (20. Qc2 $11) 20... Nd5 (20... Ng6 $15 21. Bg3 Qc8) 21. Bd2 (21. Qd2 $11) 21... Rc8 (21... Qc8 $15) 22. Qc2 $11 Re8 23. Bd3 h6 24. Bh7+ Kf8 25. Rad1 Qc7 $1 26. c4 Nb4 $1 {[%cal Rb4c2]} 27. Qb1 {aiming for Nxc5!} Na6 28. Qc1 ({Better is} 28. Bc3 $15) 28... Rcd8 $1 $17 29. Bg6 Qc8 30. Qc2 Bd7 31. Bf4 Nb4 {[%cal Ba6b4,Bb4c6,Bc6e7][%mdl 32]} 32. Qb1 {Strongly threatening Rxe8+.} b6 33. Rxe8+ Bxe8 34. Re1 Nc6 35. Nd2 Ne7 36. Bc2 Bc6 37. Nf1 Qd7 38. Ng3 Ba4 (38... Qb7 $17 39. f3 Qd7) 39. Bxa4 $11 Qxa4 40. Nh5 $1 Kg8 $1 ({But not} 40... Ng5 $2 41. Bxg5 Ng8 42. Qg6 $18) 41. Qe4 Rd7 $1 42. Qe6 {Hoping for Bxh6!} Kf8 {[#]} (42... Ng6 $11 {remains equal.}) 43. Qg4 $1 $16 {[%cal Rg4g7][%mdl 1024] White has strong compensation.} Ng5 44. h4 f5 {[#]} (44... Qb4 $16 45. Rf1 Rd4) 45. Qe2 $1 $40 {[%mdl 128] Black is in trouble.} Nh7 $2 (45... Ne4) 46. Qe5 Qb4 47. Qxg7+ {[%mdl 64] Double Attack} Ke8 48. Qg8+ {Accuracy: White = 55%, Black = 51%.} 1-0

[Event "18th Delhi GM Open 2020"]
[Site "Delhi"]
[Date "2020.01.14"]
[Round "8.3"]
[White "Vishnu Prasanna. V"]
[Black "Martinez Alcantara, Jose Eduardo"]
[Result "0-1"]
[WhiteElo "2474"]
[BlackElo "2606"]
[Annotator "TA"]
[PlyCount "56"]
[EventDate "2020.01.09"]
[EventType "swiss"]
[EventCountry "IND"]
[SourceTitle "playchess.com"]
[Source "ChessBase"]
[SourceQuality "1"]

{[%evp 24,56,0,-6,-2,-16,3,2,15,0,0,0,18,-13,0,-12,0,-23,-29,-22,-35,-29,-11,-28,-23,-27,0,0,0,0,0,-76,-58,-170,-167]} 1. d4 Nf6 2. c4 e6 3. Nc3 Bb4 4. e3 b6 5. Nf3 Bb7 6. Bd3 O-O 7. Bd2 c5 8. O-O cxd4 9. exd4 d5 10. cxd5 Nxd5 11. Re1 Nd7 12. Rc1 Be7 13. Qe2 N7f6 {E54: Nimzo-Indian: Rubinstein: Main Line: 7...dxc4 8 Bxc4} (13... Rc8 14. Nxd5 Bxd5 15. Be4 Rxc1 16. Rxc1 Qa8 17. Bxd5 Qxd5 18. Qc4 Qxc4 19. Rxc4 Bd6 20. Rc6 Bb8 21. g3 {½-½ (82) Sulashvili,M (2500)-Ponkratov,P (2592) Zuerich 2010}) 14. Ne4 h6 $146 ({Predecessor:} 14... Rc8 15. Ne5 Rxc1 16. Rxc1 Qa8 17. Ng5 h6 18. Ngf3 Bb4 19. a3 {½-½ (19) Lukacs,P (2460)-Wells,P (2483) Austria 2000}) 15. Ne5 Rc8 {The position is equal.} 16. a3 (16. Nc3 {looks sharper.} Nb4 17. Bc4 Qxd4 18. Ng6 Bc5 19. Be3) 16... Rxc1 17. Bxc1 Nxe4 18. Bxe4 (18. Qxe4 {with more complications.} f5 19. Qe2 Bd6 20. Bd2 Rf6 21. Bc4) 18... Bg5 19. Qc2 Qe7 20. Nc6 Bxc6 21. Qxc6 Bxc1 22. Rxc1 Nf6 23. g3 Rd8 24. Rc4 e5 25. dxe5 $1 Qxe5 {[#] aiming for ...b5.} 26. Bc2 $1 Qxb2 27. Qc7 (27. Qd6 $11 Ra8 28. Bd3) 27... Re8 28. Qxa7 {[#]} (28. Kg2 $15) 28... Qb5 $1 {Accuracy: White = 30%, Black = 52%.} 0-1

[Event "18th Delhi GM Open 2020"]
[Site "Delhi"]
[Date "2020.01.14"]
[Round "8.4"]
[White "Yakubboev, Nodirbek"]
[Black "Kaczur, Florian"]
[Result "1-0"]
[WhiteElo "2597"]
[BlackElo "2485"]
[Annotator "TA"]
[PlyCount "39"]
[EventDate "2020.01.09"]
[EventType "swiss"]
[EventCountry "IND"]
[SourceTitle "playchess.com"]
[Source "ChessBase"]
[SourceQuality "1"]

{[%evp 9,39,-14,20,14,9,21,20,14,19,23,30,34,25,27,33,37,35,28,37,27,31,21,52,30,41,-13,0,0,0,0,0,2]} 1. c4 e5 2. Nc3 Bb4 3. Qc2 Nf6 4. Nf3 Nc6 5. Nd5 a5 6. e3 {A21: English Opening: 1...e5 2 Nc3} d6 7. a3 Bc5 8. b3 Be6 9. Nc3 Qd7 10. Bb2 $146 ({Predecessor:} 10. Bd3 h6 11. Bb2 O-O 12. O-O Ne7 13. Rfd1 Bg4 {½-½ (27) Eljanov,P (2727)-Naroditsky,D (2633) Reykjavik 2015}) 10... Bf5 11. d3 h6 12. Be2 O-O 13. O-O Rfe8 14. Nd2 Ne7 15. Rfd1 Rad8 16. Bf3 Ng6 17. Nd5 (17. Nde4 $14) 17... Nxd5 $11 {The position is equal.} 18. cxd5 Bg4 19. Bxg4 Qxg4 20. h3 {[%mdl 32768] Accuracy: White = 48%, Black = 42%. . Loss on time!?} 1-0

[Event "18th Delhi GM Open 2020"]
[Site "Delhi"]
[Date "2020.01.14"]
[Round "8.5"]
[White "Rozum, Ivan"]
[Black "Neelash Saha"]
[Result "1/2-1/2"]
[WhiteElo "2573"]
[BlackElo "2356"]
[Annotator "TA"]
[PlyCount "67"]
[EventDate "2020.01.09"]
[EventType "swiss"]
[EventCountry "IND"]
[SourceTitle "playchess.com"]
[Source "ChessBase"]
[SourceQuality "1"]

{[%evp 11,67,9,17,11,8,0,0,0,7,0,0,0,0,-2,0,0,0,0,0,0,0,0,0,-7,-12,-28,-13,-22,-16,-13,-9,-5,-6,-6,-6,-14,0,0,0,0,0,-45,-49,-51,-46,-47,-35,-43,-22,-23,-22,-24,-22,-24,0,-38,0,-39]} 1. c4 e6 2. Nf3 d5 3. e3 Nf6 4. b3 Be7 5. Bb2 b6 6. Nc3 O-O 7. Rc1 {A13: English Opening: 1...e6} Bb7 8. cxd5 exd5 9. d4 Nbd7 {[%cal Bb8d7,Bd7f6,Bf6e4,Be4g3][%mdl 32]} 10. g3 Ne4 $146 ({Predecessor:} 10... Re8 11. Bg2 Bd6 12. O-O a6 13. Qc2 Qe7 14. Ne2 c6 {½-½ (67) Lenderman,A (2600)-Yilmaz,M (2619) Reykjavik 2018}) 11. Bg2 Nxc3 12. Bxc3 Nf6 13. O-O Ne4 14. Qc2 Bd6 15. Bb2 Qe7 16. Rfe1 f6 17. Nh4 g6 18. f3 (18. Nf3 {is more complex.} a5 19. Nd2 Nxd2 20. Qxd2 f5 21. Qc2) 18... Nxg3 19. Nxg6 hxg6 20. Qxg6+ Qg7 21. Qxg7+ Kxg7 22. hxg3 Bxg3 23. Re2 Rae8 24. Bh3 {[#] Black must now prevent Rg2.} Bd6 25. Bd7 Re7 26. Bc6 Bxc6 27. Rxc6 Kf7 28. Bc1 Rh8 29. Rg2 Rh3 30. Kf2 Re8 31. Bd2 Reh8 32. Rc1 Re8 33. Rc6 Reh8 34. Rc1 {Accuracy: White = 75%, Black = 70%.} 1/2-1/2

[Event "18th Delhi GM Open 2020"]
[Site "Delhi"]
[Date "2020.01.14"]
[Round "8.6"]
[White "Lokesh, N.."]
[Black "Ghosh, Diptayan"]
[Result "0-1"]
[WhiteElo "2264"]
[BlackElo "2550"]
[Annotator "TA"]
[PlyCount "46"]
[EventDate "2020.01.09"]
[EventType "swiss"]
[EventCountry "IND"]
[SourceTitle "playchess.com"]
[Source "ChessBase"]
[SourceQuality "1"]

{[%evp 10,46,-11,-11,-8,-10,-17,-16,-7,-6,-12,-36,-26,-24,-24,-23,-26,-36,-41,-57,-47,-52,-8,-27,-14,-45,-51,-62,-42,-172,-170,-173,-146,-166,-159,-892,0,-149,0]} 1. e4 e6 2. d4 d5 3. Bd3 dxe4 4. Bxe4 Nf6 5. Bf3 c5 6. Ne2 Be7 {C01: French: Exchange Variation} ({Predecessor:} 6... Nc6 7. Be3 Be7 8. O-O Qa5 9. Nbc3 {½-½ (16) Janicki,R (1809)-Schmidt,W (2247) Poznan 2019}) 7. Nbc3 O-O 8. O-O $146 (8. dxc5 Qxd1+ 9. Nxd1 Nbd7 10. Nd4 Ne5 11. Be2 Bxc5 12. Nb3 Be7 13. Nc3 Bd7 14. O-O {0-1 (67) Alekseev,E (2629)-Grischuk,A (2759) Douglas 2019}) 8... Nc6 {[%cal Rc6d4] The position is equal.} 9. Be3 Qa5 10. a3 Rd8 {[#] ...cxd4 is the strong threat.} 11. b4 cxb4 12. axb4 Qxb4 13. Ra4 Qd6 14. Nb5 Qd7 15. Qa1 Nb4 16. c4 Nc2 17. Qc3 Nxe3 18. Qxe3 a6 $36 {[%mdl 2048] Threatens to win with ...Rb8. White is under pressure.} 19. Rb1 {[#]} ({Better is} 19. Ra2 $15) 19... Rb8 $1 $19 20. Nbc3 b5 21. Raa1 Bb7 22. Ra4 $2 (22. Bxb7 $17 Rxb7 23. Qf3) 22... Bc8 $2 (22... bxa4 $19 23. Bxb7 Rxb7) 23. Raa1 $1 $17 Bb7 {[%mdl 32768] Accuracy: White = 44%, Black = 71%. . Loss on time!?} (23... b4 $17 24. c5 Qc7) 0-1

[Event "18th Delhi GM Open 2020"]
[Site "Delhi"]
[Date "2020.01.14"]
[Round "8.7"]
[White "Tukhaev, Adam"]
[Black "Pranesh M"]
[Result "0-1"]
[WhiteElo "2548"]
[BlackElo "2317"]
[Annotator "TA"]
[PlyCount "36"]
[EventDate "2020.01.09"]
[EventType "swiss"]
[EventCountry "IND"]
[SourceTitle "playchess.com"]
[Source "ChessBase"]
[SourceQuality "1"]

{[%evp 9,36,23,31,-25,-25,-29,-24,-9,-18,-27,26,6,38,-12,-30,-62,-22,-25,39,29,29,-22,203,210,206,0,0,10,17]} 1. e4 e5 2. Nf3 Nc6 3. Bb5 Nf6 4. O-O Nxe4 5. d4 Nd6 6. Ba4 {C67: Ruy Lopez: Berlin Defence: 4 0-0 Nxe4} (6. Bxc6 $14 bxc6 7. dxe5) 6... exd4 $11 7. c3 Be7 8. cxd4 {Black has an edge.} b5 9. Bb3 Nc4 $146 (9... O-O $142) ({Predecessor:} 9... Na5 10. Bc2 Bb7 11. Re1 O-O 12. Nc3 f5 13. Bf4 a6 {0-1 (57) Berg,E (2575)-Fressinet,L (2712) Reykjavik 2015}) 10. d5 N6e5 11. Nd4 O-O 12. Re1 Bf6 13. Nxb5 c6 ({Better is} 13... Ba6 $11 14. N5c3 Nd6) 14. N5c3 $1 $14 Bb7 15. f4 (15. d6 $142) 15... Re8 $2 (15... Nxb2 $11 {and Black is okay.} 16. Bxb2 Nc4) 16. fxe5 $18 Bxe5 {[#]} 17. Bxc4 $2 ({White has to play} 17. Nd2 $1 $18 Nxd2 18. Bxd2) 17... Bxh2+ $1 $11 18. Kf1 $1 {Threatens to win with Rxe8+.} ({Don't blunder} 18. Kh1 $2 Qh4 $19) 18... Qh4 {[%mdl 32768] Accuracy: White = 41%, Black = 37%. . Loss on time!?} 0-1

[Event "18th Delhi GM Open 2020"]
[Site "Delhi"]
[Date "2020.01.14"]
[Round "8.8"]
[White "Stupak, Kirill"]
[Black "Karthik Venkataraman"]
[Result "1-0"]
[WhiteElo "2506"]
[BlackElo "2479"]
[Annotator "TA"]
[PlyCount "38"]
[EventDate "2020.01.09"]
[EventType "swiss"]
[EventCountry "IND"]
[SourceTitle "playchess.com"]
[Source "ChessBase"]
[SourceQuality "1"]

{[%evp 14,38,23,22,32,12,13,16,15,10,33,32,34,34,47,11,25,-4,53,79,93,93,101,82,91,49,61]} 1. d4 c5 2. d5 d6 3. Nc3 g6 4. e4 Bg7 5. h3 Nf6 6. Bb5+ Bd7 7. a4 O-O 8. Nf3 Na6 {A43: Schmid Benoni} 9. Bc4 Nc7 10. O-O a6 {The position is equal.} 11. e5 Nfe8 (11... dxe5 12. Nxe5 Be8 13. Bf4 b5 14. axb5 axb5 15. Rxa8 Qxa8 16. Nf3 bxc4 17. Bxc7 {½-½ (44) Wang,Y (2716)-Malakhov,V (2732) Ningbo 2010}) 12. Re1 b5 13. Bf1 $36 {[%mdl 2048] White has good play.} Rb8 14. Ra2 $146 ({Predecessor:} 14. Bg5 dxe5 15. Nxe5 Bxe5 16. Rxe5 f6 17. d6 exd6 18. Rxe8 Nxe8 {0-1 (40) Lindam,I (2098)-Schnepp,G (2320) Tegernsee 2018}) 14... Bc8 15. Bf4 Qd7 (15... b4 $11 16. Ne4 Nxd5 17. Qxd5 Be6) 16. b3 Bb7 17. axb5 axb5 18. Ra7 f6 19. exd6 exd6 {Accuracy: White = 28%, Black = 61%.} 1-0

[Event "18th Delhi GM Open 2020"]
[Site "Delhi"]
[Date "2020.01.14"]
[Round "8.9"]
[White "Lugovskoy, Maxim"]
[Black "Ponkratov, Pavel"]
[Result "0-1"]
[WhiteElo "2453"]
[BlackElo "2622"]
[Annotator "TA"]
[PlyCount "54"]
[EventDate "2020.01.09"]
[EventType "swiss"]
[EventCountry "IND"]
[SourceTitle "playchess.com"]
[Source "ChessBase"]
[SourceQuality "1"]

{[%evp 12,54,54,39,65,34,47,0,7,0,8,-4,-8,-5,-4,-17,-13,-15,-9,-24,-13,-22,-20,-60,-62,-69,-68,-60,-59,-61,-55,-67,-62,-48,-41,-77,-76,-69,-74,-87,-66,-82,-76,-71,-45]} 1. e4 c6 2. d4 d5 3. Nc3 dxe4 4. Nxe4 Nf6 5. Nxf6+ gxf6 6. Nf3 Bg4 7. c3 Nd7 {B16: Caro-Kann: Bronstein-Larsen Variation} 8. h3 Bh5 9. g4 Bg6 {The position is equal.} 10. Bg2 e6 11. Nh4 f5 12. Nxg6 hxg6 13. Qb3 $146 ({Predecessor:} 13. gxf5 gxf5 14. Bf4 Qh4 15. Qd2 {0-1 (53) Lugovskoy,M (2386)-Onischuk,V (2594) Taganrog 2014}) 13... Qc7 14. Bd2 O-O-O 15. O-O-O Bd6 16. c4 Bf4 17. Bxf4 Qxf4+ {[%mdl 64] [#] Double Attack} 18. Qe3 Qxe3+ 19. fxe3 Rh4 20. Rdf1 c5 21. b3 b6 22. Kc2 Rf8 23. Bf3 Kd8 24. Kc3 Ke7 25. b4 Rfh8 26. Bg2 cxd4+ 27. exd4 Nf6 {Accuracy: White = 52%, Black = 73%.} 0-1

[Event "18th Delhi GM Open 2020"]
[Site "Delhi"]
[Date "2020.01.14"]
[Round "8.10"]
[White "Amonatov, Farrukh"]
[Black "Hesham, Abdelrahman"]
[Result "1/2-1/2"]
[WhiteElo "2631"]
[BlackElo "2429"]
[Annotator "TA"]
[PlyCount "53"]
[EventDate "2020.01.09"]
[EventType "swiss"]
[EventCountry "IND"]
[SourceTitle "playchess.com"]
[Source "ChessBase"]
[SourceQuality "1"]

{[%evp 17,53,0,0,10,8,0,0,0,-8,-2,68,2,37,10,17,14,134,129,147,138,157,158,153,146,145,107,120,121,115,115,115,23,29,27,23,22,23,23]} 1. e4 e5 2. Nf3 Nc6 3. Bc4 Bc5 4. c3 Nf6 5. d4 exd4 6. e5 d5 7. Bb5 Ne4 8. cxd4 Bb6 9. Nc3 O-O 10. Be3 {C54: Giuoco Piano: 4 c3 Nf6, main lines with 5 d4 and 5 d3} Bg4 11. h3 Bxf3 (11... Bh5 12. Qc2 Ba5 13. O-O Bxf3 14. gxf3 Nxc3 15. bxc3 Qd7 16. Kh2 Nxd4 17. cxd4 Qxb5 {½-½ (27) Karjakin,S (2754)-Harikrishna,P (2724) Jerusalem 2019}) 12. gxf3 {The position is equal.} Nxc3 13. bxc3 f5 ({Black should try} 13... Ne7 $11) 14. Qd2 {[#]} (14. Bxc6 $14 bxc6 15. f4) 14... Qe7 $146 ({Predecessor:} 14... Qh4 15. Bg5 Qh5 16. O-O-O Ba5 {1-0 (43) Amonatov,F (2636)-Socko,B (2593) Riadh 2017}) 15. Rg1 Nd8 16. Bg5 $36 {[%mdl 2048] Black is under pressure.} Qf7 (16... Qe6 $11 {keeps the balance.}) 17. Bf6 $1 $16 {[%cal Rf6g7]} Ne6 18. O-O-O $1 {aiming for Qh6.} Qh5 19. Bd7 Kh8 20. Bxe6 {[%csl Gg1][%cal Rf6g7]} gxf6 21. Bxd5 Rad8 22. Bb3 fxe5 23. Qe3 Rde8 {[#]} 24. Rg5 (24. Rg2 $1 $16 {And now Rdg1 would win.} f4 25. Qe4 exd4 {[#]} 26. Rdg1 $3 {[%mdl 512]}) 24... f4 $1 $11 ({Much worse is} 24... Qxh3 $6 25. Rdg1 $18) 25. Rxh5 {White threatens Qe4! and mate.} fxe3 26. fxe3 {next Bc2 is good for White.} exd4 27. exd4 {Accuracy: White = 54%, Black = 39%.} 1/2-1/2

[Event "18th Delhi GM Open 2020"]
[Site "Delhi"]
[Date "2020.01.14"]
[Round "8.11"]
[White "Karthikeyan, Murali"]
[Black "Dzhumaev, Marat"]
[Result "1-0"]
[WhiteElo "2606"]
[BlackElo "2422"]
[Annotator "TA"]
[PlyCount "71"]
[EventDate "2020.01.09"]
[EventType "swiss"]
[EventCountry "IND"]
[SourceTitle "playchess.com"]
[Source "ChessBase"]
[SourceQuality "1"]

{[%evp 17,71,22,18,19,101,66,90,58,68,51,67,75,95,75,79,78,90,86,112,116,169,181,170,153,288,273,228,106,101,100,132,85,146,147,129,121,125,119,142,20,20,15,441,426,504,348,545,350,568,405,925,-550,738,325,29990,29991]} 1. e4 d6 2. d4 Nf6 3. Nc3 e5 4. Nf3 Nbd7 5. Bc4 Be7 6. O-O O-O 7. a4 a6 8. Re1 b6 9. b3 c6 10. d5 {C41: Philidor Defence} (10. Bb2 Bb7 11. Bd3 Re8 12. Ne2 Bf8 13. Ng3 Qc7 14. Qd2 Rad8 15. h3 h6 16. Rad1 Qb8 17. Nf5 exd4 18. N3xd4 c5 19. Nxh6+ gxh6 20. Nf5 Ne5 21. Nxh6+ Kh7 22. Nf5 Re6 23. Qg5 Rd7 24. Bxe5 dxe5 25. Bc4 {1-0 (25) Hou,Y (2658)-Maiwald,J (2443) Germany 2018}) 10... c5 (10... cxd5 $11 {remains equal.} 11. Bxd5 (11. exd5 Bb7 $11) (11. Nxd5 Nxd5 12. Bxd5 Rb8 $11) 11... Nxd5 12. Nxd5 (12. Qxd5 Rb8 $11) 12... Nf6) 11. Nd2 g6 12. Bf1 {White is better.} Ne8 13. Nc4 Bg5 14. Bxg5 Qxg5 15. Rb1 $146 ({Predecessor:} 15. Qd2 Qxd2 16. Nxd2 Rb8 17. Nc4 {½-½ (17) Kanefsck,G (2325)-Leskovar,M (2405) Mar del Plata 1994}) 15... f5 16. exf5 gxf5 17. Qd2 f4 18. b4 Qh6 (18... Kh8 $16 19. bxc5 bxc5) 19. bxc5 $18 bxc5 20. Ne4 Ndf6 (20... Kh8 $16 21. f3 Ra7) 21. Nxf6+ (21. Nexd6 Nxd6 22. Nxd6 Ng4 $18) 21... Nxf6 22. Rb6 (22. Nxd6 $18 Ng4 23. h3 Qxd6 24. hxg4) 22... e4 $16 23. Rxd6 Bf5 24. Qc3 Qg5 (24... e3 $142) 25. Nd2 $36 {[%mdl 2048] Keeping Black busy.} Rae8 26. Rxa6 {aiming for d6.} (26. Qxc5 Ng4 $11) 26... Ng4 {And now ...Qh4! would win.} 27. Ra7 $1 {Strongly threatening d6.} f3 28. d6 (28. gxf3 $16 e3 29. fxe3 (29. fxg4 $2 exf2+ {[%mdl 64] Discovered Attack} 30. Kxf2 Bxg4+ {[%mdl 64] Discovered Attack} 31. Nf3 Rxe1 $19 {[%mdl 64] Pin}) 29... Nxe3+ 30. Kh1 Nxd5 31. Rxe8 Rxe8 32. f4 (32. Qxc5 Qxd2 33. Qb5 Rf8 $15) 32... Nxf4 33. Qxc5) 28... e3 $11 29. Rxe3 Rxe3 $4 {[%mdl 8192]} (29... Nxe3 $11 {and Black is okay.} 30. Nxf3 (30. fxe3 Rxe3 31. Qxc5 f2+ 32. Kh1 Re1 $11) 30... Qf6 31. Qxf6 Rxf6) 30. fxe3 $18 f2+ 31. Kh1 {Bc4+ would kill now.} Nxe3 (31... Be6 {might work better.} 32. Re7 (32. Bc4 f1=Q+ 33. Bxf1 Nf2+ 34. Kg1 Nh3+ 35. Kh1 Nf2+ 36. Kg1 Nh3+ 37. Kh1 Nf2+ $11) 32... Nxh2) 32. Qxc5 Qh6 $2 (32... Nxf1 {was called for.} 33. Nxf1 Qf6) 33. d7 {Hoping for Ra6.} Be6 {[#]} (33... Nxf1 $142 34. Nxf1 Qf6) 34. Qe7 $4 {[%mdl 8192] [#]} (34. Qd6 $1 $18 {avoids the disaster.} Nf5 35. d8=Q $1 {[%mdl 512]} Nxd6 36. Qxd6) 34... Ng4 $4 {[%mdl 8192]} (34... Nf5 $1 $19 {[%mdl 512]} 35. Qa3 Qxd2 {[%mdl 64] Double Attack}) 35. h3 (35. h4 $142 Qf6 {[#]} 36. d8=Q $1 {[%mdl 512]} Rxd8 37. Qxh7+ Kf8 38. Ne4) 35... Qf4 $2 (35... Bd5 $18 36. Ne4 Qf4) 36. Qxe6+ {[%mdl 64] Double Attack. Accuracy: White = 41%, Black = 28%.} 1-0